Literatura ng iba't ibang Rehiyon ng Pilipinas (Record no. 7944)

MARC details
000 -LEADER
fixed length control field 00746nam a22002297i 4500
003 - CONTROL NUMBER IDENTIFIER
control field URS
005 - DATE AND TIME OF LATEST TRANSACTION
control field 20220117094727.0
008 - FIXED-LENGTH DATA ELEMENTS--GENERAL INFORMATION
fixed length control field 160502b xxu||||| |||| 00| 0 eng d
020 ## - INTERNATIONAL STANDARD BOOK NUMBER
International Standard Book Number 9789717251745
040 ## - CATALOGING SOURCE
Description conventions rda
Transcribing agency URSP-College Library
Language of cataloging eng
050 ## - LIBRARY OF CONGRESS CALL NUMBER
Classification number PL6153
Item number 899.211 L71 2010
100 1# - MAIN ENTRY--PERSONAL NAME
Personal name Siazon-Lorenzo, Carmelita
245 ## - TITLE STATEMENT
Title Literatura ng iba't ibang Rehiyon ng Pilipinas
Remainder of title (Binagong Edisyon)
Statement of responsibility, etc. Siazon-Lorenzo, Carmelita
264 #1 - PRODUCTION, PUBLICATION, DISTRIBUTION, MANUFACTURE, AND COPYRIGHT NOTICE
Place of production, publication, distribution, manufacture Metro Manila
Name of producer, publisher, distributor, manufacturer Grandbooks Publishing Incorporated
Date of production, publication, distribution, manufacture, or copyright notice 2010.
300 ## - PHYSICAL DESCRIPTION
Extent xv, 429pages
Dimensions 26cm
336 ## - CONTENT TYPE
Content type term text
Content type code txt
Source rdacontent
337 ## - MEDIA TYPE
Media type term unmediated
Media type code n
Source rdamedia
338 ## - CARRIER TYPE
Carrier type term volume
Carrier type code nc
Source rdacarrier
500 ## - GENERAL NOTE
General note Includes ensaylopidiya
650 #0 - SUBJECT ADDED ENTRY--TOPICAL TERM
Topical term or geographic name entry element Philippine literature.
942 ## - ADDED ENTRY ELEMENTS (KOHA)
Source of classification or shelving scheme Library of Congress Classification
Koha item type Filipiniana
Holdings
Withdrawn status Source of classification or shelving scheme Damaged status Not for loan Collection code Home library Current library Shelving location Date acquired Coded location qualifier Total Checkouts Full call number Barcode Date last seen Copy number Price effective from Koha item type
  Library of Congress Classification     Non-fiction Pililla College Library Pililla College Library General Stacks 05/02/2016 purchased   899.211 L71 URSPIL-3326 05/02/2016 1 05/02/2016 Filipiniana
  Library of Congress Classification     Non-fiction Pililla College Library Pililla College Library General Stacks 05/02/2016 purchased   899.211 L71 URSPIL-3327 07/24/2018 2 05/02/2016 Filipiniana
  Library of Congress Classification     Non-fiction Pililla College Library Pililla College Library General Stacks 05/02/2016 purchased   899.211 L71 URSPIL-3328 05/02/2016 3 05/02/2016 Filipiniana
  Library of Congress Classification     Non-fiction Pililla College Library Pililla College Library General Stacks 05/02/2016 purchased   899.211 L71 URSPIL-3329 07/24/2018 4 05/02/2016 Filipiniana
  Library of Congress Classification     Non-fiction Rodriguez College Library Rodriguez College Library Reference 01/20/2017     PL5542 L672013 URSROD-4098 01/20/2017   01/20/2017 Filipiniana
  Library of Congress Classification     Non-fiction Rodriguez College Library Rodriguez College Library Reference 01/20/2017     PL5542 L672013 URSROD-4099 01/20/2017   01/20/2017 Filipiniana

University of Rizal System
Email us at univlibservices@urs.edu.ph

Visit our Website www.urs.edu.ph/library